000 00642nam a2200241Ia 4500
003 OSt
005 20221005043234.0
006 a|||||r|||| 00| 0
007 ta
008 221004b |||||||| |||| 00| 0 eng d
024 _a46320
037 _cTextual
040 _aCRL
_cCRL
_beng
041 _2eng
_aeng
082 _aP111, K8
100 _aBarnett J A Ed.
_9591338
245 0 _aSuccess with English
_b The Penguin course tapescript 1
260 _aEngland
_bPenguin Books
_c1968
300 _a239p.
_ccm.
650 _aLINGUISTICS
942 _hP111, K8
_cTEXL
_2cc
999 _c951549
_d951549